| 000 | 004540000a22001810004500 | ||
|---|---|---|---|
| 003 | MACL | ||
| 005 | 20160101165848.0 | ||
| 008 | 160101b xxu||||| |||| 00| 0 eng d | ||
| 040 |
_aMACL _cMACL |
||
| 041 | _aEnglish | ||
| 082 | _a530/MAL | ||
| 100 |
_aMalhotra, Dr. S. _926713 |
||
| 245 | _aStudy Package in Physics | ||
| 260 |
_bTata Mcgraw Hill Publishing _c1987 _aNew Delhi |
||
| 350 | _a12 | ||
| 650 |
_aPhysics _926714 |
||
| 942 |
_cBK _k530/Mal _2ddc |
||
| 999 |
_c33833 _d33833 |
||